|
|
|
|
| LEADER |
00000nam a22000007a 4500 |
| 005 |
20181110110752.0 |
| 007 |
cr|||| |||| |
| 008 |
181110s2018 br |||||s|||| 00||0 por d |
| 020 |
|
|
|a 978-85-361-9773-9
|
| 035 |
|
|
|a 22398
|
| 040 |
|
|
|a vLex
|
| 090 |
|
|
|c 8296
|d 8296
|
| 100 |
1 |
|
|a de Araj︢o, Joô Carlos
|
| 245 |
1 |
0 |
|a Efetividade da Aȯ̂ Executiva e da Execuȯ̂ Trabalhista, e as Novas Competn̊cias Constitucionais
|h [Recurso electrn̤ico] :
|b em Conformidade com a Lei n. 13.467, de 13 de Julho /
|c Joô Carlos de Araj︢o
|
| 256 |
|
|
|a Servicio en ln̕ea
|
| 260 |
|
|
|a San Pablo:
|b LTR,
|c 2018
|
| 300 |
|
|
|a 1 recurso electrn̤ico
|
| 500 |
|
|
|a Em Conformidade com a Lei n. 13.467, de 13 de Julho. O autor, pela LTr Editora, j ̀publicou outras obras como “Aȯ̂ Coletiva do Trabalho e Perfil da Execuȯ̂ Trabalhista”, em dois volumes. Agora, edita a presente obra, na qual pretende demostrar que a execuȯ̂ trabalhista nô tem complexidade alguma se o profissional do direito acompanhar com a devida atenȯ̂ s̉ regras ali adotadas, que nô permitem a discussô indiscriminada, que acaba levando a reclamaȯ̂ trabalhista a uma judicializaȯ̂ que nô oferece sinalizaȯ̂ de seu fim. Tento nessa obra, mais uma vez, demonstrar que a reclamaȯ̂ trabalhista, ao transitar em julgado, formal e materialmente, est ̀com aȯ̂ acabada. É preciso que os litigantes, especialmente a devedora, se conscientizem disso, porque a Consolidaȯ̂ das Leis do Trabalho contm̌ normas que oferecem meios para esse desfecho. O autor dedicou sua vida ao Direito, especialmente ̉r̀ea do Direito do Trabalho, inicialmente como advogado e depois como magistrado, onde iniciou carreira como juiz substituto e terminou-a como desembargador. Como desembargador do Egrǧio T.R.T. da 2® Regiô em Sô Paulo, exerceu os seguintes cargos: Presidente da Seȯ̂ Especializada, Vice-Presidente Judicial e, finalmente, Corregedor, cargo em que veio a se aposentar aos 70 anos de idade.
|
| 506 |
1 |
|
|a Disponible solo en los productos indicados
|d vLex Global
|d vLex Global (Academic Edition, excluding Law Schools)
|d vLex Global (U.S. Academic Edition, Law Schools)
|d vLex Global (U.S. Academic Edition, excluding Law Schools)
|d vLex Global (Academic Edition, Law Schools)
|
| 650 |
0 |
4 |
|a Procedimiento Laboral
|z Brasil
|
| 740 |
0 |
|
|a vLex Libros (Servicio en ln̕ea)
|
| 856 |
4 |
0 |
|u http://vlex.com/source/efetividade-da-a-o-executiva-e-da-execu-o-trabalhista-e-as-novas-compet-ncias-constitucionais-22398
|z Acceso restringido
|
| 942 |
|
|
|c BOOK
|
| 999 |
0 |
|
|a Labor Procedure
|